[Event "DVM U20 2013"]
[Site "Osnabrück GER"]
[Date "2013.12.28"]
[Round "3"]
[White "Wegmann, Simon"]
[Black "Wichmann, Adrian"]
[Result "0-1"]
[Termination "normal"]
[Board "4.6"]
[WhiteElo "1705"]
[BlackElo "1786"]
[WhiteTeam "SC Erlangen"]
[BlackTeam "SC Forchheim"]
[WhiteFideId "1270758"]
[BlackFideId "12904708"]
[EventCountry "GER"]
[EventRounds "7"]
[EventType "team-swiss"]
[EventDate "2013.12.26"]

1. e4 c5 2. f4 g6 3. Nf3 Bg7 4. Nc3 e6 5. g3 Ne7 6. Bg2 Nbc6 7. d3 d5 8. e5 a6
9. O-O O-O 10. h3 b5 11. g4 f6 12. exf6 Bxf6 13. Ne2 Bb7 14. Ng3 Qd6 15. Qe1
Nd4 16. Nxd4 Bxd4+ 17. Kh1 Rae8 18. c3 Bg7 19. Bd2 Bh6 20. Ne2 Bc6 21. Qh4 Bg7
22. Rf2 d4 23. Bxc6 Nxc6 24. Qg3 Rd8 25. Rd1 Rd7 26. Rf3 Rdf7 27. Rdf1 Qd7 28.
Nc1 dxc3 29. Bxc3 Bxc3 30. bxc3 b4 31. cxb4 cxb4 32. Nb3 Nd4 33. Nxd4 Qxd4 34.
f5 exf5 35. gxf5 Qg7 36. fxg6 Qxg6 37. Qxg6+ hxg6 38. Rxf7 Rxf7 39. Rxf7 Kxf7
40. Kg2 a5 41. Kf2 a4 0-1

[Event "DVM U20 2013"]
[Site "Osnabrück GER"]
[Date "2013.12.28"]
[Round "3"]
[White "Bräuer, Franz"]
[Black "Carow, Johannes"]
[Result "0-1"]
[Termination "normal"]
[Board "5.1"]
[BlackTitle "FM"]
[WhiteElo "2295"]
[BlackElo "2399"]
[WhiteTeam "Erfurter Schachklub"]
[BlackTeam "Sfr.Heidesheim"]
[WhiteFideId "24634468"]
[BlackFideId "24692050"]
[EventCountry "GER"]
[EventRounds "7"]
[EventType "team-swiss"]
[EventDate "2013.12.26"]

1. e4 c5 2. Nf3 Nc6 3. d4 cxd4 4. Nxd4 Qb6 5. Nb3 Nf6 6. Nc3 e6 7. Qe2 Bb4 8.
Bd2 O-O 9. a3 Be7 10. O-O-O d5 11. exd5 exd5 12. Be3 Qc7 13. Nb5 Qd8 14. Qd2
Bf5 15. f3 Rc8 16. N3d4 Na5 17. Nc3 Bg6 18. g4 Nd7 19. h4 Ne5 20. h5 Nac4 21.
Qf2 Be4 22. Bxc4 Nxc4 23. Rde1 Qb6 24. Na4 Qa5 25. fxe4 Qxa4 26. Kb1 dxe4 27.
h6 g6 28. Bc1 Nd6 29. Nf5 gxf5 30. gxf5 f6 31. Rhg1+ Kf7 32. Rg7+ Ke8 33. Bf4
Nxf5 34. Rxh7 Qc4 35. Qh2 Qe6 36. Qg2 Rc4 37. Qh3 Kd7 38. b3 Rd4 39. Bc1 Rc8
40. Bb2 Rd2 41. Bc3 Rd3 42. cxd3 Rxc3 0-1

[Event "DVM U20 2013"]
[Site "Osnabrück GER"]
[Date "2013.12.28"]
[Round "3"]
[White "Carow, Annelen"]
[Black "Steinacker, Alex"]
[Result "1-0"]
[Termination "normal"]
[Board "5.2"]
[WhiteElo "2044"]
[BlackElo "2095"]
[WhiteTeam "Sfr.Heidesheim"]
[BlackTeam "Erfurter Schachklub"]
[WhiteFideId "24692492"]
[BlackFideId "24647195"]
[EventCountry "GER"]
[EventRounds "7"]
[EventType "team-swiss"]
[EventDate "2013.12.26"]

1. d4 c5 2. d5 Nf6 3. c4 e6 4. Nc3 exd5 5. cxd5 d6 6. e4 g6 7. f3 Bg7 8. Nge2
O-O 9. Be3 Nbd7 10. Ng3 h5 11. Be2 a6 12. a4 Ne5 13. O-O Nh7 14. Qd2 Re8 15.
Rfb1 h4 16. Nh1 f5 17. Nf2 Qf6 18. f4 Nf7 19. Re1 Bd7 20. a5 Rac8 21. Ra3 g5
22. exf5 Bxf5 23. Ng4 Qg6 24. h3 gxf4 25. Bxf4 Re7 26. Rf1 Rce8 27. Bf3 Nhg5
28. Bd1 Bd3 29. Bxg5 Nxg5 30. Rf4 Bd4+ 31. Kh2 Re1 32. Ne2 Rxd1 33. Qxd1 Bxe2
34. Qc1 Kg7 35. Rb3 Re7 36. Qe1 Re5 37. Rxb7+ Nf7 38. Rbxf7+ Kg8 39. Qxh4 Rg5
40. Rf8+ 1-0

[Event "DVM U20 2013"]
[Site "Osnabrück GER"]
[Date "2013.12.28"]
[Round "3"]
[White "Beck, Michael"]
[Black "Hoffmann, Sascha"]
[Result "1-0"]
[Termination "normal"]
[Board "5.4"]
[WhiteElo "1958"]
[BlackElo "1697"]
[WhiteTeam "Sfr.Heidesheim"]
[BlackTeam "Erfurter Schachklub"]
[WhiteFideId "1271924"]
[BlackFideId "24668931"]
[EventCountry "GER"]
[EventRounds "7"]
[EventType "team-swiss"]
[EventDate "2013.12.26"]

1. e4 c5 2. d3 e6 3. g3 d5 4. Nd2 Nf6 5. Bg2 Be7 6. Ngf3 b6 7. O-O Bb7 8. Re1
Nc6 9. Qe2 O-O 10. h4 h6 11. e5 Nd7 12. Nf1 Qc7 13. Bf4 Rac8 14. c3 b5 15. N1h2
d4 16. Qd2 dxc3 17. bxc3 b4 18. cxb4 Nd4 19. bxc5 Qxc5 20. Nxd4 Bxg2 21. Nxe6
fxe6 22. Kxg2 Qd4 23. Rab1 Nc5 24. Red1 Rcd8 25. Kg1 Qxd3 26. Qxd3 Rxd3 27.
Rxd3 Nxd3 28. Be3 Nxe5 29. Bxa7 Ra8 30. Rb8+ Rxb8 31. Bxb8 Nc4 32. Nf3 Bf6 33.
Kf1 Kf7 34. Ke2 Ke7 35. Kd3 Na5 36. Be5 Nc6 37. Bc3 Kd6 38. Nd4 Ne5+ 39. Ke4
Kd7 40. f3 Nc4 41. Ne2 Nd6+ 42. Kf4 Ke7 43. Bxf6+ Kxf6 44. a4 Nc4 45. Nc3 e5+
46. Ke4 Ke6 47. Nd1 Nd6+ 48. Ke3 Nf5+ 49. Kf2 Kd6 50. Ne3 Nd4 51. h5 Kc5 52.
Ng4 Kb4 53. Nxe5 Kxa4 54. Ke3 Ne6 55. Ke4 Kb5 56. Kd5 Nd8 57. f4 Kb6 58. Kd6
Nb7+ 59. Ke7 Kc7 60. Kf7 Nd6+ 61. Kg6 Ne8 62. g4 Kd6 63. Kf7 Nf6 64. Kxg7 Nd5
65. Nf7+ Ke7 66. f5 Nf6 67. Nxh6 Ne8+ 68. Kg6 Kf8 69. Nf7 Kg8 70. h6 Ng7 71.
h7+ 1-0

[Event "DVM U20 2013"]
[Site "Osnabrück GER"]
[Date "2013.12.28"]
[Round "3"]
[White "Reichardt, Albert"]
[Black "Luzius, Jannik"]
[Result "1/2-1/2"]
[Termination "normal"]
[Board "5.5"]
[WhiteElo "1629"]
[BlackElo "1619"]
[WhiteTeam "Erfurter Schachklub"]
[BlackTeam "Sfr.Heidesheim"]
[WhiteFideId "12927821"]
[BlackFideId "1271981"]
[EventCountry "GER"]
[EventRounds "7"]
[EventType "team-swiss"]
[EventDate "2013.12.26"]

1. e4 c5 2. Nf3 g6 3. d4 cxd4 4. Nxd4 Bg7 5. Nc3 Nc6 6. Be3 Nf6 7. Bc4 Qa5 8.
O-O O-O 9. Bb3 d6 10. f3 Bd7 11. Qd2 Rad8 12. a3 Nxd4 13. Bxd4 Qc7 14. Qf2 b6
15. a4 Rb8 16. a5 bxa5 17. Bxa7 Rb7 18. Bd4 Bc6 19. Ra2 Nd7 20. Rfa1 Bxd4 21.
Qxd4 Nc5 22. Bd5 e6 23. Bxc6 Qxc6 24. b3 Rc8 25. Nd1 Rb4 26. Qd2 Qb6 27. Kh1
Nb7 28. Nb2 Rd4 29. Qe2 d5 30. exd5 Rxd5 31. Nc4 Qc7 32. Re1 Rcd8 33. Raa1 Qc5
34. Red1 Rxd1+ 35. Rxd1 Rd5 36. Rxd5 Qxd5 37. Kg1 Qd4+ 38. Kf1 Qa1+ 39. Qe1 Qd4
40. Qd2 Qa1+ 41. Kf2 a4 42. bxa4 Qxa4 43. Ne3 Qh4+ 44. Kg1 Qf4 45. Qe2 Qd4 46.
g3 Nd6 47. Kg2 Qe5 48. Qd3 Nf5 49. Ng4 Qe1 50. c3 h5 51. Nf6+ Kg7 52. Ne4 Ne3+
53. Kh3 Qf1+ 54. Qxf1 Nxf1 55. Kg2 Ne3+ 56. Kf2 Nc4 57. Ke2 f5 58. Nc5 Kf6 59.
f4 e5 60. Nd7+ Ke6 61. Nxe5 Nxe5 62. fxe5 Kxe5 63. Ke3 g5 64. c4 f4+ 65. gxf4+
gxf4+ 66. Kf3 h4 67. h3 Kd4 68. Kxf4 Kxc4 69. Kg4 Kd5 70. Kxh4 Ke6 71. Kg5 Kf7
1/2-1/2

[Event "DVM U20 2013"]
[Site "Osnabrück GER"]
[Date "2013.12.28"]
[Round "3"]
[White "Pfeifer, Yannick"]
[Black "Meichsner, Marwin"]
[Result "0-1"]
[Termination "normal"]
[Board "5.6"]
[WhiteElo "1385"]
[BlackElo "1515"]
[WhiteTeam "Sfr.Heidesheim"]
[BlackTeam "Erfurter Schachklub"]
[WhiteFideId "12953105"]
[BlackFideId "12927830"]
[EventCountry "GER"]
[EventRounds "7"]
[EventType "team-swiss"]
[EventDate "2013.12.26"]

1. e4 c5 2. Nf3 Nc6 3. d3 g6 4. g3 Bg7 5. Bg2 d6 6. O-O Nf6 7. h3 Bd7 8. Nc3
O-O 9. Be3 Rb8 10. Qd2 b5 11. a3 b4 12. axb4 Rxb4 13. Rab1 Qb8 14. Nd1 a5 15.
Bh6 a4 16. Bxg7 Kxg7 17. Ra1 Qa7 18. Nh2 Rfb8 19. f4 c4+ 20. Kh1 cxd3 21. cxd3
Nh5 22. Qe1 Rb3 23. g4 Nf6 24. Qd2 Qa6 25. Rf3 Nd5 26. Re3 R3b4 27. Qc2 Rc8 28.
Nc3 Qb6 29. Nf1 Nd4 30. Qd1 Rxb2 31. Nxa4 Bxa4 32. Rxa4 Rcc2 33. Bf3 Rb1 34.
Rxd4 Rxd1 35. Bxd1 Rc1 36. e5 Qxd4 0-1

[Event "DVM U20 2013"]
[Site "Osnabrück GER"]
[Date "2013.12.28"]
[Round "3"]
[White "Böhm, Malte"]
[Black "Fritsche, Oliver"]
[Result "1-0"]
[Termination "normal"]
[Board "6.1"]
[WhiteElo "2038"]
[BlackElo "1850"]
[WhiteTeam "SF Dortmund-Brackel 1930"]
[BlackTeam "SK Doppelbauer Kiel"]
[WhiteFideId "1270629"]
[BlackFideId "12913650"]
[EventCountry "GER"]
[EventRounds "7"]
[EventType "team-swiss"]
[EventDate "2013.12.26"]

1. d4 f5 2. Bg5 h6 3. Bh4 g5 4. e4 Bg7 5. Qh5+ Kf8 6. Bg3 Nf6 7. Qg6 fxe4 8.
Nc3 d5 9. f3 Qe8 10. Qxe8+ Kxe8 11. Bxc7 Nc6 12. O-O-O Bf5 13. Be5 Kf7 14. Nge2
exf3 15. gxf3 e6 16. Nb5 Nxe5 17. Nd6+ Kg6 18. dxe5 Nd7 19. f4 Nc5 20. Ng3 Bg4
21. f5+ exf5 22. Rxd5 Ne6 23. Bd3 Nf4 24. Ndxf5 Nxd5 25. Nd6+ Bf5 26. Bxf5# 1-0

[Event "DVM U20 2013"]
[Site "Osnabrück GER"]
[Date "2013.12.28"]
[Round "3"]
[White "Beeck, Mats"]
[Black "Reisberg, Andre"]
[Result "1/2-1/2"]
[Termination "normal"]
[Board "6.2"]
[WhiteElo "1840"]
[BlackElo "1994"]
[WhiteTeam "SK Doppelbauer Kiel"]
[BlackTeam "SF Dortmund-Brackel 1930"]
[WhiteFideId "12936944"]
[BlackFideId "1270630"]
[EventCountry "GER"]
[EventRounds "7"]
[EventType "team-swiss"]
[EventDate "2013.12.26"]

1. c4 Nf6 2. d4 e6 3. Nf3 d5 4. g3 c6 5. Qc2 Nbd7 6. Bg2 Be7 7. O-O O-O 8. Nbd2
b5 9. b3 bxc4 10. bxc4 Ba6 11. Bb2 Rb8 12. Ne5 Nxe5 13. dxe5 Nd7 14. Rab1 Nb6
15. cxd5 cxd5 16. Bf3 Qd7 17. Rfc1 Rfc8 18. Qd1 Bb5 19. Bd4 Ba4 20. Rxc8+ Rxc8
21. Nb3 Nc4 22. e4 Bb4 23. exd5 Nd2 24. Rb2 Nxf3+ 25. Qxf3 exd5 26. Qe3 a6 27.
Nc5 Bxc5 28. Bxc5 Bb5 29. Rb1 1/2-1/2

[Event "DVM U20 2013"]
[Site "Osnabrück GER"]
[Date "2013.12.28"]
[Round "3"]
[White "Schwiddessen, Jan"]
[Black "Pluska, Alexander"]
[Result "1/2-1/2"]
[Termination "normal"]
[Board "6.3"]
[WhiteElo "1877"]
[BlackElo "1873"]
[WhiteTeam "SF Dortmund-Brackel 1930"]
[BlackTeam "SK Doppelbauer Kiel"]
[WhiteFideId "1270631"]
[BlackFideId "12975141"]
[EventCountry "GER"]
[EventRounds "7"]
[EventType "team-swiss"]
[EventDate "2013.12.26"]

1. e4 c5 2. c4 Nc6 3. Ne2 Nf6 4. Nbc3 e5 5. g3 d6 6. Bg2 Be7 7. d3 Be6 8. f4 g6
9. Nd5 Nd4 10. O-O Nxd5 11. Nxd4 cxd4 12. cxd5 Bd7 13. Qf3 f6 14. b3 Qb6 15.
Bd2 O-O-O 16. Rfc1+ Kb8 17. Rc2 Rc8 18. Rac1 Rhf8 19. Qf1 g5 20. f5 h5 21. Bf3
Rxc2 22. Rxc2 Rh8 23. g4 h4 24. Qb1 Rc8 25. Kf2 Rxc2 26. Qxc2 Qc7 27. Bd1 Qxc2
1/2-1/2

[Event "DVM U20 2013"]
[Site "Osnabrück GER"]
[Date "2013.12.28"]
[Round "3"]
[White "Wanner, Lukas"]
[Black "Raschkowski, Alexander"]
[Result "1/2-1/2"]
[Termination "normal"]
[Board "6.4"]
[WhiteElo "1729"]
[BlackElo "1748"]
[WhiteTeam "SK Doppelbauer Kiel"]
[BlackTeam "SF Dortmund-Brackel 1930"]
[WhiteFideId "12918148"]
[BlackFideId "12964263"]
[EventCountry "GER"]
[EventRounds "7"]
[EventType "team-swiss"]
[EventDate "2013.12.26"]

1. d4 d5 2. Nf3 Nf6 3. e3 e6 4. Bd3 c5 5. b3 Nc6 6. Bb2 Qb6 7. Nbd2 Bd7 8. O-O
c4 9. Be2 Bb4 10. c3 Bd6 11. Rb1 cxb3 12. axb3 O-O 13. c4 Bb4 14. c5 Qc7 15.
Qc2 h6 16. Bc3 a5 17. Bb5 Ne4 18. Nxe4 dxe4 19. Bxc6 Bxc6 20. Ne5 Bxc3 21. Qxc3
Bd5 22. Nc4 Bxc4 23. bxc4 Ra7 24. Rb6 Rfa8 25. Qa3 Ra6 26. Rfb1 Rxb6 27. Rxb6
a4 28. h3 Ra5 29. Qc3 Ra7 30. Rb2 a3 31. Ra2 Qa5 32. Qxa5 Rxa5 33. f3 f5 34.
fxe4 fxe4 35. Kf2 Ra4 36. Ke2 Rxc4 37. Rxa3 e5 38. Rb3 exd4 39. exd4 Rxd4 40.
Rxb7 Rc4 41. Ke3 Rxc5 42. Kxe4 1/2-1/2

[Event "DVM U20 2013"]
[Site "Osnabrück GER"]
[Date "2013.12.28"]
[Round "3"]
[White "Gesinghaus, Dustin"]
[Black "Rieper, Julian"]
[Result "1-0"]
[Termination "normal"]
[Board "6.5"]
[WhiteElo "1716"]
[BlackElo "1674"]
[WhiteTeam "SF Dortmund-Brackel 1930"]
[BlackTeam "SK Doppelbauer Kiel"]
[WhiteFideId "12964271"]
[BlackFideId "12936960"]
[EventCountry "GER"]
[EventRounds "7"]
[EventType "team-swiss"]
[EventDate "2013.12.26"]

1. e4 e5 2. f4 exf4 3. Nf3 g5 4. Nc3 Bg7 5. g3 fxg3 6. hxg3 h6 7. d4 d6 8. Bc4
Be6 9. Bxe6 fxe6 10. Nxg5 Ke7 11. Nf3 Nf6 12. Be3 Nbd7 13. Qd2 Qf8 14. Rf1 Nb6
15. Qd3 Qe8 16. O-O-O Na4 17. e5 Ng4 18. Bf4 Nxc3 19. Qxc3 Qc6 20. Qd3 Rhg8 21.
Nh4 Rae8 22. Rde1 d5 23. Bd2 Kd7 24. Rf7+ Kd8 25. Ref1 h5 26. Ng6 Nh6 27. Rxg7
Rxg7 28. Bxh6 Rd7 29. Rf6 Qa4 30. a3 Qc4 31. Qxc4 dxc4 32. c3 c5 33. dxc5 Rd5
34. Bf8 Rd3 35. Nf4 Re3 36. Bd6 Rg8 37. Nxh5 Rg5 38. Rh6 Rf5 39. Nf6 b6 40. c6
Rf1+ 41. Kd2 Rd3+ 42. Ke2 Rxf6 1-0

[Event "DVM U20 2013"]
[Site "Osnabrück GER"]
[Date "2013.12.28"]
[Round "3"]
[White "Petersen, Finn Christopher"]
[Black "Stemmler, Fabian"]
[Result "1/2-1/2"]
[Termination "normal"]
[Board "6.6"]
[WhiteElo "1612"]
[BlackElo "1556"]
[WhiteTeam "SK Doppelbauer Kiel"]
[BlackTeam "SF Dortmund-Brackel 1930"]
[WhiteFideId "12964840"]
[BlackFideId "12964808"]
[EventCountry "GER"]
[EventRounds "7"]
[EventType "team-swiss"]
[EventDate "2013.12.26"]

1. e4 e5 2. Nf3 Nc6 3. d4 exd4 4. Nxd4 Nf6 5. Nc3 Bb4 6. Bd3 d5 7. Nxc6 bxc6 8.
exd5 cxd5 9. O-O O-O 10. Bg5 c6 11. Qf3 Be7 12. Rfe1 h6 13. Bh4 Rb8 14. Rab1
Re8 15. h3 Rb4 16. Bg3 Bd6 17. Rxe8+ Nxe8 18. a3 Rb7 19. b4 Bxg3 20. Qxg3 Be6
21. Na4 Qd6 22. Nc5 Qxg3 23. fxg3 Rb8 24. Re1 Nc7 25. Nxe6 fxe6 26. Bg6 Rf8 27.
a4 Rf6 28. Bd3 a6 29. c4 Kf7 30. b5 cxb5 31. cxb5 axb5 32. axb5 e5 33. Rf1
Rxf1+ 34. Bxf1 Na8 35. Kf2 Nb6 36. Ke3 Ke6 37. Be2 Kd6 38. Kd3 Kc5 39. Kc3 Nc4
40. Bxc4 dxc4 41. b6 Kxb6 42. Kxc4 Kc6 43. g4 Kd6 44. h4 Kc6 45. g3 Kd6 46. Kc3
Kd5 47. Kd3 e4+ 48. Kc3 g6 49. g5 h5 50. Kd2 Ke5 51. Ke3 Kf5 52. Kd4 Kg4
1/2-1/2

[Event "DVM U20 2013"]
[Site "Osnabrück GER"]
[Date "2013.12.28"]
[Round "3"]
[White "Schröder, Kevin"]
[Black "Mao, Kevin"]
[Result "0-1"]
[Termination "normal"]
[Board "7.1"]
[WhiteElo "2129"]
[BlackElo "1951"]
[WhiteTeam "LSV Turm Lippstadt"]
[BlackTeam "SK Gernsheim"]
[WhiteFideId "12929840"]
[BlackFideId "1271183"]
[EventCountry "GER"]
[EventRounds "7"]
[EventType "team-swiss"]
[EventDate "2013.12.26"]

1. d4 d5 2. c4 dxc4 3. Nc3 e5 4. d5 c6 5. e4 Nf6 6. Bxc4 b5 7. Bb3 b4 8. Nce2
Nxe4 9. Be3 Bb7 10. Nf3 Bd6 11. Qd3 Nf6 12. dxc6 Nxc6 13. Rd1 e4 14. Qc4 O-O
15. Bc5 exf3 16. Rxd6 fxg2 17. Rg1 Ne5 18. Rxd8 Raxd8 0-1

[Event "DVM U20 2013"]
[Site "Osnabrück GER"]
[Date "2013.12.28"]
[Round "3"]
[White "Di Capua, Francesco Stefano"]
[Black "Tran, Duc Cuong"]
[Result "0-1"]
[Termination "normal"]
[Board "7.2"]
[WhiteElo "1818"]
[BlackElo "2086"]
[WhiteTeam "SK Gernsheim"]
[BlackTeam "LSV Turm Lippstadt"]
[WhiteFideId "24698903"]
[BlackFideId "24689718"]
[EventCountry "GER"]
[EventRounds "7"]
[EventType "team-swiss"]
[EventDate "2013.12.26"]

1. e4 e5 2. Nf3 d6 3. Nc3 Nf6 4. Bc4 Be7 5. d3 O-O 6. Bg5 h6 7. Bh4 c6 8. Bb3
Re8 9. O-O Nbd7 10. h3 Nf8 11. Bxf6 Bxf6 12. Nh2 Ne6 13. Ne2 g6 14. c3 Bg5 15.
Kh1 Nf4 16. Nxf4 exf4 17. Qc2 Kg7 18. Nf3 Bf6 19. Rfe1 Qa5 20. Qd2 g5 21. d4
Be6 22. Bc2 Rad8 23. Qd3 Rh8 24. Rad1 h5 25. Ng1 g4 26. d5 Bd7 27. b4 Qb6 0-1

[Event "DVM U20 2013"]
[Site "Osnabrück GER"]
[Date "2013.12.28"]
[Round "3"]
[White "Kuckling, Jonas"]
[Black "Müller, Markus"]
[Result "0-1"]
[Termination "normal"]
[Board "7.3"]
[WhiteElo "1625"]
[BlackElo "1807"]
[WhiteTeam "LSV Turm Lippstadt"]
[BlackTeam "SK Gernsheim"]
[WhiteFideId "24603856"]
[BlackFideId "24660590"]
[EventCountry "GER"]
[EventRounds "7"]
[EventType "team-swiss"]
[EventDate "2013.12.26"]

1. d4 d5 2. c4 dxc4 3. Nf3 Nf6 4. Nc3 e6 5. e3 a6 6. a4 c5 7. Bxc4 Be7 8. O-O
Nc6 9. dxc5 O-O 10. Qe2 Bxc5 11. e4 e5 12. h3 h6 13. Nd5 Be6 14. Rd1 Nd4 15.
Nxd4 Bxd4 16. Nxf6+ Qxf6 17. Bxe6 Qxe6 18. Be3 Rfd8 19. Bxd4 Rxd4 20. Rxd4 exd4
21. Qd3 Rd8 22. Rc1 Qb6 23. b3 Qb4 24. Kf1 b5 25. axb5 axb5 26. Rc7 Qa3 27. Rb7
Qc1+ 28. Ke2 Rc8 29. e5 g6 30. Qxd4 Rc2+ 31. Kf3 Rc3+ 32. Ke4 Qc2+ 33. Kd5
Qxb3+ 34. Kd6 Qe6# 0-1

[Event "DVM U20 2013"]
[Site "Osnabrück GER"]
[Date "2013.12.28"]
[Round "3"]
[White "Fornoff, Robin"]
[Black "Kuckling, Linus"]
[Result "1-0"]
[Termination "normal"]
[Board "7.4"]
[WhiteElo "1912"]
[BlackElo "1672"]
[WhiteTeam "SK Gernsheim"]
[BlackTeam "LSV Turm Lippstadt"]
[WhiteFideId "24698890"]
[BlackFideId "24658243"]
[EventCountry "GER"]
[EventRounds "7"]
[EventType "team-swiss"]
[EventDate "2013.12.26"]

1. e4 e5 2. Bc4 Nf6 3. Nf3 Nc6 4. Ng5 d5 5. exd5 Na5 6. Bb5+ c6 7. dxc6 bxc6 8.
Bd3 Bc5 9. h3 O-O 10. O-O Re8 11. Nc3 Bb6 12. Qf3 Qc7 13. b4 Nb7 14. Nge4 Nd5
15. Qg3 Qe7 16. Ba3 f5 17. Bc4 fxe4 18. Nxd5 cxd5 19. Bxd5+ Kh8 20. Bxe4 Rb8
21. Bb2 Nd8 22. c4 Bb7 23. Bxb7 Rxb7 24. Rfe1 Nf7 25. Bc3 Rd7 26. c5 Bc7 27.
Re2 Qe6 28. Rae1 Rde7 29. Re4 Nh6 30. a4 Nf5 31. Qf3 Qg6 32. Qe2 Bb8 33. b5 Re6
34. d4 Nh4 35. g3 h6 36. d5 Nf5 37. Rg4 Qf7 38. dxe6 Qxe6 39. Re4 1-0

[Event "DVM U20 2013"]
[Site "Osnabrück GER"]
[Date "2013.12.28"]
[Round "3"]
[White "Scheer, Maximilian"]
[Black "Rothermel, Tim"]
[Result "0-1"]
[Termination "normal"]
[Board "7.5"]
[WhiteElo "1752"]
[BlackElo "1759"]
[WhiteTeam "LSV Turm Lippstadt"]
[BlackTeam "SK Gernsheim"]
[WhiteFideId "12927732"]
[BlackFideId "24660647"]
[EventCountry "GER"]
[EventRounds "7"]
[EventType "team-swiss"]
[EventDate "2013.12.26"]

1. e4 b6 2. d4 Bb7 3. Nd2 e6 4. Ngf3 d5 5. Bb5+ c6 6. Bd3 Ne7 7. e5 c5 8. c3
Ng6 9. Nf1 Be7 10. Ng3 Nd7 11. O-O O-O 12. Re1 Re8 13. Bd2 Rc8 14. Rc1 Ndf8 15.
Bb5 Bc6 16. Qa4 Qd7 17. Bxc6 Qxc6 18. Qxc6 Rxc6 19. Nh5 f6 20. Nf4 Bd8 21. Kf1
Kf7 22. g3 Nd7 23. Nxg6 hxg6 24. h4 Bc7 25. Kg2 Bb8 26. Bf4 Rec8 27. exf6 gxf6
28. Rcd1 Re8 29. Bxb8 Nxb8 30. Re2 Rd6 31. Rde1 Nc6 32. g4 cxd4 33. cxd4 Nb4
34. Kg3 Nc6 35. g5 f5 36. Ne5+ Nxe5 37. Rxe5 Rc6 38. Kf3 Rc2 39. R5e2 Rc4 40.
Rd2 Ke7 41. Ke3 e5 42. b3 Rc3+ 43. Rd3 f4+ 44. Kd2 Rxd3+ 45. Kxd3 e4+ 46. Kd2
Rc8 47. Rh1 Ke6 48. f3 e3+ 49. Ke2 b5 50. a3 a5 51. b4 axb4 52. axb4 Ra8 53.
Rc1 Kd6 54. Kd3 Ra3+ 55. Kc2 Ra2+ 56. Kd3 Rd2+ 57. Kc3 Rf2 58. Kd3 Rxf3 59. Rc8
Ke6 60. Re8+ Kf5 61. Re5+ Kg4 62. Rxd5 Kxh4 63. Rd8 Kxg5 64. Rd5+ Kg4 65. Rxb5
Rf2 0-1

[Event "DVM U20 2013"]
[Site "Osnabrück GER"]
[Date "2013.12.28"]
[Round "3"]
[White "Borowski, Tim"]
[Black "Bürger, Jessica"]
[Result "1/2-1/2"]
[Termination "normal"]
[Board "7.6"]
[WhiteElo "1353"]
[BlackElo "1359"]
[WhiteTeam "SK Gernsheim"]
[BlackTeam "LSV Turm Lippstadt"]
[WhiteFideId "24698962"]
[BlackFideId "12917974"]
[EventCountry "GER"]
[EventRounds "7"]
[EventType "team-swiss"]
[EventDate "2013.12.26"]

1. e4 e5 2. Nf3 Nc6 3. d4 exd4 4. Nxd4 Nf6 5. Nc3 Bc5 6. Be3 Bb6 7. Nxc6 dxc6
8. Qxd8+ Kxd8 9. O-O-O+ Ke7 10. Bg5 h6 11. Bh4 g5 12. Bg3 Re8 13. f3 Kf8 14.
Bc4 Be6 15. Bxe6 Rxe6 16. Rd3 Ree8 17. Be1 Bc5 18. Ne2 Bd6 19. Ng3 Rad8 20. Nf5
Bf4+ 21. Bd2 Bxd2+ 22. Kxd2 h5 23. h4 g4 24. Ng3 1/2-1/2

[Event "DVM U20 2013"]
[Site "Osnabrück GER"]
[Date "2013.12.28"]
[Round "3"]
[White "Pfatteicher, Lukas"]
[Black "Rau, Nikita"]
[Result "1-0"]
[Termination "normal"]
[Board "8.1"]
[WhiteElo "2001"]
[BlackElo "1941"]
[WhiteTeam "Karlsruher SF 1853"]
[BlackTeam "Hagener SV"]
[WhiteFideId "12968919"]
[BlackFideId "12902543"]
[EventCountry "GER"]
[EventRounds "7"]
[EventType "team-swiss"]
[EventDate "2013.12.26"]

1. d4 d5 2. c4 c6 3. Nf3 Nf6 4. Nc3 dxc4 5. a4 Bf5 6. Ne5 e6 7. e3 Bb4 8. Bxc4
O-O 9. O-O Nbd7 10. Nd3 Bd6 11. f4 c5 12. Nb5 Be7 13. dxc5 Nxc5 14. Nd4 Be4 15.
Ne5 Rc8 16. b4 Ncd7 17. Nxe6 fxe6 18. Bxe6+ Kh8 19. Nxd7 Nxd7 20. Qxd7 Qxd7 21.
Bxd7 Rc7 22. Bg4 Bxb4 23. Ba3 Bxa3 24. Rxa3 Rc2 25. Bf3 Bxf3 26. gxf3 Rd8 27.
Rf2 Rd1+ 28. Kg2 Rcc1 29. Kg3 g6 30. e4 Kg7 31. a5 Rc5 32. Rb3 Rd7 33. Rfb2
Rcc7 34. Rb5 Kf6 35. Kg4 h6 36. h4 h5+ 37. Kg3 a6 38. Rb6+ Kf7 39. e5 Re7 40.
Rf6+ Kg7 41. Rbb6 Rc5 42. Rxg6+ Kf8 43. Rbf6+ Ke8 44. e6 1-0

[Event "DVM U20 2013"]
[Site "Osnabrück GER"]
[Date "2013.12.28"]
[Round "3"]
[White "Beinke, Lukas"]
[Black "Bykov, Ilya"]
[Result "1/2-1/2"]
[Termination "normal"]
[Board "8.2"]
[WhiteElo "1910"]
[BlackElo "1697"]
[WhiteTeam "Hagener SV"]
[BlackTeam "Karlsruher SF 1853"]
[WhiteFideId "12902535"]
[BlackFideId "12918059"]
[EventCountry "GER"]
[EventRounds "7"]
[EventType "team-swiss"]
[EventDate "2013.12.26"]

1. e4 Nf6 2. e5 Nd5 3. c4 Nb6 4. a4 a5 5. Nc3 d6 6. exd6 exd6 7. d4 Nc6 8. Be3
Be7 9. Be2 O-O 10. Nf3 Nb4 11. O-O d5 12. b3 dxc4 13. bxc4 c6 14. Ne5 Be6 15.
Qb3 Kh8 16. Rfd1 f6 17. Nf3 Bg8 18. d5 cxd5 19. Nxd5 N6xd5 20. cxd5 Rc8 21. Bc4
Bc5 22. Rac1 Bxe3 23. Qxe3 Re8 24. Qa3 Re7 25. d6 Rd7 26. Bxg8 Kxg8 27. Qe3
Rxc1 28. Qxc1 Rxd6 29. Rxd6 Qxd6 30. Qc8+ Kf7 31. Qxb7+ Qe7 32. Qb5 Qc7 33. h3
Qc1+ 1/2-1/2

[Event "DVM U20 2013"]
[Site "Osnabrück GER"]
[Date "2013.12.28"]
[Round "3"]
[White "Ospina Ocampo, Camilo"]
[Black "Rieping, Heiner"]
[Result "1/2-1/2"]
[Termination "normal"]
[Board "8.3"]
[WhiteElo "1855"]
[BlackElo "1900"]
[WhiteTeam "Karlsruher SF 1853"]
[BlackTeam "Hagener SV"]
[WhiteFideId "12907030"]
[BlackFideId "24647012"]
[EventCountry "GER"]
[EventRounds "7"]
[EventType "team-swiss"]
[EventDate "2013.12.26"]

1. e4 d5 2. exd5 Qxd5 3. Nf3 Nf6 4. d4 Nc6 5. Be2 Bg4 6. Be3 e6 7. h3 Bh5 8.
O-O Be7 9. Nc3 Qd7 10. Qd2 Bg6 11. a3 Ne4 12. Nxe4 Bxe4 13. Rfd1 O-O 14. Bf4
Rfd8 15. c3 Bd6 16. Qe3 Bxf3 17. Bxf3 Bxf4 18. Qxf4 Ne7 19. Be4 Ng6 20. Bxg6
hxg6 21. Qf3 Qb5 22. b4 c6 23. Re1 Qh5 24. Qxh5 gxh5 25. Re5 Rd5 26. Rxd5 exd5
27. Re1 Kf8 28. Kf1 Re8 1/2-1/2